| 000 | 01107nam a2200301 c 4500 | ||
|---|---|---|---|
| 999 |
_c342424 _d342424 |
||
| 003 | BLK | ||
| 005 | 20230404134000.0 | ||
| 008 | 180911b bul|||||r ||||||| ||bul|| | ||
| 010 | _a002063 | ||
| 040 | _aBLK | ||
| 041 |
_aBUL _cBUL |
||
| 080 | _z372.46(075.2) | ||
| 100 | 1 |
_aПравдолюбов, Димитър _9396824 |
|
| 245 | 0 | 0 | _aЕзикови упражнения |
| 246 | _aПрактическа граматика : За трети клас на народните прогимназии | ||
| 260 |
_aСофия _bСт.Атанасов _c1932 _fХерман Поле |
||
| 300 |
_a56 с _bс ил. _c24 см |
||
| 380 | _a0 | ||
| 490 |
_aЧастна колекция - Академик Михаил Арнаудов _gДарение - Основен фонд |
||
| 650 | 4 |
_aЕзикознание, българско _9241866 |
|
| 650 |
_aГраматика _9152540 |
||
| 650 |
_aУчебници _9174954 |
||
| 650 |
_aУчилищно дело _9396828 |
||
| 655 |
_aбългарско образование _9396216 |
||
| 700 | 1 |
_aД. Правдолюбов _9396829 |
|
| 852 |
_aМА 285 _bМА |
||
| 942 |
_cKNG _n0 _s1 |
||
| 944 |
_aCR _c1995 _kValK |
||
| 999 | _d342424 | ||